000 01022nac a22002777a 4500
001 BR8403144
003 BR-BrBNA
005 20240105120040.0
008 230509b bl.|||m| |||| 00| 0 por d
040 _aBR-BrBNA
_bpor
_cBiblioteca Nacional de Agricultura
072 _aE70
090 _aE70 BR8403144
110 1 _aSecretaria do Planejamento, Ciencia e Tecnologia, Salvador, BA (Brasil). Centro de Estatistica e Informacoes
_99094
245 1 _aInformacoes Gerenciais [estatistica comercial, producao, consumo, exportacao, preco medio, Bahia, Brasil]
260 3 _aSalvador, BA (Brasil):
_c1984.
300 _a23 p.
490 _aInformacoes Gerenciais - Secretaria do Planejamento, Ciencia e Tecnologia. Centro de Estatistica e Informacoes (Brazil)
_vv. 2(1)
_x
500 _a13 tables; 6 graphs
650 _aESTATISTICA COMERCIAL
650 _aCONSUMO
650 _aEXPORTACAO
650 _aPRECO MEDIO
650 _aBAHIA
909 _a202312
_bLúcia Elande
_c55
_dLúcia Elande
942 _2AGRIS
_n0
_cMS
999 _c277686
_d277686